| 000 | 02762nam a2200289 a 4500 | ||
|---|---|---|---|
| 003 | OSt | ||
| 005 | 20260210132157.0 | ||
| 007 | cr ||||||a|c|a | ||
| 008 | 231128s2019 mx a|||fom||| 001 0 spa d | ||
| 040 | _erda | ||
| 100 | 1 |
_9188312 _aGonzález Ramírez, Saúl |
|
| 245 | 1 | 0 |
_aIdentificación de escamas asociadas al cultivo de higo (Ficus carica L.) en el Estado de Morelos, México / _cpor Saúl González Ramírez : director de tesis Manuel Alejandro Tejeda Reyes. |
| 264 | 1 |
_aChapingo, México : _bEl autor, _c2019. |
|
| 300 |
_a1 recurso en línea (37 páginas): _bcuadros, figuras. |
||
| 336 |
_2rdacontent _atexto _btxt |
||
| 337 |
_2rdamedia _acomputadora _bc |
||
| 338 |
_2rdacarrier _arecurso en línea _bcr |
||
| 502 |
_bIAEPA _cParasitología _d2019. _gLIC |
||
| 504 | _aIncluye referencias bibliográficas: páginas 35-37. | ||
| 520 | _aEl cultivo de higo representa una actividad económica importante para el estado de Morelos. Uno de los problemas que afectan la producción son los que se encuentran insectos conocidos como escamas, de las cuales se cuenta con poca información al respecto a las especies que se presentan, su biología, y principalmente a su manejo en México. El objetivo de este trabajo fue identificar las especies de escamas y sus enemigos naturales asociados a estas en el cultivo de higo (Ficus carica) en Telixtac, Morelos. Los muestreos se realizaron mensualmente de mayo de 2019 a septiembre de 2019 sobre parcelas del cultivo de higo en Telixtac, Axochiapan, Morelos. La escama blanda que se encontró afectando al cultivo del higo en Telixtac, Axochiapan, Morelos, fue identificada como Saissetia nr. miranda (Cockerell & Parrott) (Hemiptera: Coccidae), la cual ha sido llamada comúnmente como escama negra mexicana (Mexican black scale). Durante los diferentes muestreos realizados se colectaron un total de 1565 escamas, de las cuales se obtuvieron 4 adultos, 10 larvas, 29 pupas, y 176 escamas con perforación, obteniendo un porcentaje de parasitismo de 14%. De los adultos que se obtuvieron se hicieron las identificaciones a nivel de familia, obteniéndose a las familias Eupelmidae (1 individuos), y Pteromalidae (3 individuos). Los resultados obtenidos en este estudio son relevantes debido a la poca información que existe respecto a este problema fitosanitarios en México, y su utilidad en el manejo integrado de este insecto. | ||
| 650 | 4 |
_955343 _aHigo _xEnfermedades |
|
| 650 | 4 |
_9188313 _aEscama negra mexicana _xIdentificación |
|
| 650 | 4 |
_958929 _aInsectos _xIdentificación |
|
| 700 | 1 |
_9112025 _aTejeda Reyes, Manuel Alejandro _eDirector de tesis. |
|
| 856 |
_uhttp://10.13.5.2/tesis/tl/Gonzalez_Ramirez_Saul.pdf _zDESCARGAR PDF |
||
| 942 |
_2Clasificación Universidad Autónoma Chapingo _cTD |
||
| 999 |
_c219456 _d219456 |
||